000 00508nam a22001817a 4500
005 20251108173327.0
008 250721s1989 xx 000 0 ara d
082 1 4 _a641.1
100 1 _aحنفي، محمد سيد أحمد
245 1 0 _aالوعي الغذائي الصحي /
264 1 _aبيروت :
_bدار الجيل،
_c1989.
300 _a208ص.
650 1 7 _aصحة الغذاء
650 1 7 _aالفيتامينات
650 1 7 _aالبروتينات
942 _2ddc
_cBK
999 _c101323
_d101323